[Event "CZE-chT2F 1920"]
[Site "Czech Republic"]
[Date "2020.02.23"]
[Round "9.1"]
[White "Belunek, Vladimir"]
[Black "Firt, Stanislav"]
[Result "1/2-1/2"]
[WhiteElo "2235"]
[BlackElo "2190"]
[PlyCount "25"]
[EventDate "2019.10.13"]
[EventType "team-tourn"]
[EventRounds "11"]
[EventCountry "CZE"]
[SourceTitle "EXT 2024"]
[Source "ChessBase"]
[SourceDate "2023.10.10"]
[SourceVersion "1"]
[SourceVersionDate "2023.10.10"]
[SourceQuality "1"]
[WhiteTeam "Litovel Tatran"]
[BlackTeam "Ostrava Labortech II"]
[WhiteTeamCountry "CZE"]
[BlackTeamCountry "CZE"]

1. d4 Nf6 2. c4 g6 3. Nc3 Bg7 4. e4 d6 5. Be2 0-0 6. Nf3 e5 7. 0-0 Nc6 8. d5 Ne7 9. Nd2 Nd7 10. b4 a5 11. b5 f5 12. f3 Nc5 13. Nb3 1/2-1/2

[Event "CZE-chT2F 1920"]
[Site "Czech Republic"]
[Date "2019.11.17"]
[Round "3.2"]
[White "Fargac, Martin"]
[Black "Firt, Stanislav"]
[Result "1-0"]
[WhiteElo "2259"]
[BlackElo "2190"]
[PlyCount "75"]
[EventDate "2019.10.13"]
[EventType "team-tourn"]
[EventRounds "11"]
[EventCountry "CZE"]
[SourceTitle "EXT 2024"]
[Source "ChessBase"]
[SourceDate "2023.10.10"]
[SourceVersion "1"]
[SourceVersionDate "2023.10.10"]
[SourceQuality "1"]
[WhiteTeam "Trinec II"]
[BlackTeam "Ostrava Labortech II"]
[WhiteTeamCountry "CZE"]
[BlackTeamCountry "CZE"]

1. d4 Nf6 2. Bf4 g6 3. Nc3 d5 4. e3 Bg7 5. Nf3 0-0 6. Be2 c5 7. Nb5 Nc6 8. c3 cxd4 9. cxd4 Bf5 10. 0-0 Rc8 11. Nc3 Ne4 12. Rc1 a6 13. Qb3 Na5 14. Qb4 f6 15. Nxe4 dxe4 16. Rxc8 Bxc8 17. Nd2 f5 18. Qc5 Nc6 19. Rd1 Qa5 20. Qc2 Bd7 21. Nb3 Qd8 22. Nc5 Bc8 23. Qb3+ Kh8 24. Nxb7 Qe8 25. Bxa6 Bxb7 26. Qxb7 e5 27. dxe5 Nxe5 28. h3 h6 29. Bb5 Qc8 30. Qb6 Qc2 31. Rd6 Nd3 32. Rxg6 Qxf2+ 33. Kh2 Nxf4 34. Rxh6+ Kg8 35. Bc4+ Rf7 36. Qd8+ Bf8 37. Bxf7+ Kxf7 38. Rf6+ 1-0

[Event "Jesenik op"]
[Site "Jesenik"]
[Date "2019.08.22"]
[Round "6"]
[White "Krejca, Jakub"]
[Black "Firt, Stanislav"]
[Result "1/2-1/2"]
[WhiteElo "2132"]
[BlackElo "2194"]
[PlyCount "60"]
[EventDate "2019.08.17"]
[EventType "swiss"]
[EventRounds "9"]
[EventCountry "CZE"]
[SourceTitle "EXT 2020"]
[Source "ChessBase"]
[SourceDate "2019.10.17"]
[SourceVersion "1"]
[SourceVersionDate "2019.10.17"]
[SourceQuality "1"]

1. e4 c5 2. Nf3 d6 3. d4 cxd4 4. Nxd4 Nf6 5. Nc3 Nc6 6. Bg5 e6 7. f4 Qb6 8. Nb3 h6 9. Bxf6 gxf6 10. Qd2 a6 11. 0-0-0 h5 12. g3 Bd7 13. Kb1 0-0-0 14. Bh3 Kb8 15. Rhe1 Bc8 16. Qe3 Qxe3 17. Rxe3 h4 18. g4 Bh6 19. Rf3 Rhg8 20. a3 b5 21. Nc1 Bb7 22. N1e2 b4 23. axb4 Nxb4 24. Rd4 a5 25. Rd1 d5 26. exd5 Nxd5 27. Nxd5 Rxd5 28. Rxd5 Bxd5 29. Ra3 Bc4 30. Nd4 Rc8 1/2-1/2

[Event "CZE-chT2F 1819"]
[Site "Czech Republic"]
[Date "2019.03.17"]
[Round "10.3"]
[White "Chlevistan, Jakub"]
[Black "Firt, Stanislav"]
[Result "1/2-1/2"]
[WhiteElo "2043"]
[BlackElo "2205"]
[PlyCount "62"]
[EventDate "2018.10.14"]
[EventType "team-tourn"]
[EventRounds "11"]
[EventCountry "CZE"]
[SourceTitle "EXT 2022"]
[Source "ChessBase"]
[SourceDate "2021.10.06"]
[SourceVersion "1"]
[SourceVersionDate "2021.10.06"]
[SourceQuality "1"]
[WhiteTeam "Poruba Slavoj III"]
[BlackTeam "Ostrava Labortech II"]
[WhiteTeamCountry "CZE"]
[BlackTeamCountry "CZE"]

1. Nf3 Nf6 2. c4 g6 3. d4 Bg7 4. Nc3 0-0 5. g3 d6 6. Bg2 Nbd7 7. 0-0 e5 8. e4 exd4 9. Nxd4 Re8 10. h3 a5 11. Be3 Nc5 12. Qc2 c6 13. Rad1 Nfd7 14. Rfe1 a4 15. Nde2 Qa5 16. Bd2 Qb6 17. Nc1 Ne5 18. b4 Qxb4 19. f4 Qxc4 20. fxe5 Bxe5 21. Bf1 Qe6 22. N1e2 b5 23. Nf4 Qf6 24. Nce2 g5 25. Nd3 Nxd3 26. Qxd3 Be6 27. a3 Bc4 28. Qe3 h6 29. Bc3 d5 30. Bg2 Bxe2 31. Bxe5 Qxe5 1/2-1/2

[Event "CZE-chT2F 1819"]
[Site "Czech Republic"]
[Date "2019.02.10"]
[Round "8.2"]
[White "Firt, Stanislav"]
[Black "Tomaszewski, Kacper"]
[Result "0-1"]
[WhiteElo "2205"]
[BlackElo "2311"]
[PlyCount "66"]
[EventDate "2018.10.14"]
[EventType "team-tourn"]
[EventRounds "11"]
[EventCountry "CZE"]
[SourceTitle "EXT 2022"]
[Source "ChessBase"]
[SourceDate "2021.10.06"]
[SourceVersion "1"]
[SourceVersionDate "2021.10.06"]
[SourceQuality "1"]
[WhiteTeam "Ostrava Labortech II"]
[BlackTeam "Orlova Slavia II"]
[WhiteTeamCountry "CZE"]
[BlackTeamCountry "CZE"]

1. Nf3 c5 2. e4 e6 3. d4 cxd4 4. Nxd4 Nc6 5. Nb5 d6 6. c4 Nf6 7. N5c3 Be7 8. g3 b6 9. Bg2 Bb7 10. 0-0 0-0 11. Bf4 a6 12. Nd2 Rc8 13. Rc1 Ne5 14. Qe2 Qc7 15. b3 Ned7 16. Rfd1 Qb8 17. Nf1 Rfd8 18. g4 Ne8 19. Ng3 Ba8 20. g5 Rc7 21. h4 Rdc8 22. a4 Nc5 23. Qb2 Nd7 24. h5 Rc5 25. Qd2 R5c7 26. Bh3 Bc6 27. g6 Nf8 28. gxf7+ Kxf7 29. Qe2 Rd7 30. Nd5 Bf6 31. h6 exd5 32. exd5 Re7 33. Be6+ Nxe6 0-1

[Event "CZE-chT2F 1819"]
[Site "Czech Republic"]
[Date "2018.11.18"]
[Round "3.2"]
[White "Stachowiak, Kamil"]
[Black "Firt, Stanislav"]
[Result "1/2-1/2"]
[WhiteElo "2432"]
[BlackElo "2205"]
[PlyCount "119"]
[EventDate "2018.10.14"]
[EventType "team-tourn"]
[EventRounds "11"]
[EventCountry "CZE"]
[SourceTitle "EXT 2022"]
[Source "ChessBase"]
[SourceDate "2021.10.06"]
[SourceVersion "1"]
[SourceVersionDate "2021.10.06"]
[SourceQuality "1"]
[WhiteTeam "Vrbno pod Pradedem"]
[BlackTeam "Ostrava Labortech II"]
[WhiteTeamCountry "CZE"]
[BlackTeamCountry "CZE"]

1. d4 Nf6 2. Nf3 g6 3. g3 Bg7 4. Bg2 0-0 5. 0-0 c5 6. c4 Nc6 7. d5 Na5 8. Nfd2 d6 9. Nc3 e5 10. Qc2 Bd7 11. b3 a6 12. Bb2 b5 13. Rab1 Ng4 14. e4 f5 15. exf5 gxf5 16. h3 Nf6 17. f4 b4 18. Ne2 e4 19. Rfe1 h5 20. Nf1 Ra7 21. Ne3 Bc8 22. a3 bxa3 23. Bxa3 h4 24. b4 Nb7 25. bxc5 Nxc5 26. Nd4 Nxd5 27. Nc6 Nxe3 28. Rxe3 Qc7 29. Nxa7 Qxa7 30. Kh1 Bd4 31. Re2 hxg3 32. Rd1 Qg7 33. Red2 Nd3 34. Rxd3 exd3 35. Qxd3 Bc5 36. Bxc5 dxc5 37. Qd5+ Kh7 38. Qxc5 Bb7 39. Rb1 Bxg2+ 40. Kxg2 Rf7 41. Qd5 a5 42. c5 a4 43. c6 a3 44. Rb7 Rxb7 45. cxb7 Qb2+ 46. Kxg3 Qc3+ 47. Qf3 Qxf3+ 48. Kxf3 a2 49. b8Q a1Q 50. Qc7+ Kg6 51. Qc6+ Kg7 52. Qd7+ Kf6 53. Qd6+ Kf7 54. Qd3 Qh1+ 55. Kg3 Qg1+ 56. Kh4 Qf2+ 57. Qg3 Qxg3+ 58. Kxg3 Kg6 59. Kf3 Kh5 60. Kg3 1/2-1/2

[Event "Bohuslavice op rap 31st"]
[Site "Bohuslavice"]
[Date "2016.04.02"]
[Round "3"]
[White "Firt, Stanislav"]
[Black "Cvek, Robert"]
[Result "0-1"]
[WhiteElo "2230"]
[BlackElo "2523"]
[PlyCount "88"]
[EventDate "2016.04.02"]
[EventType "swiss (rapid)"]
[EventRounds "9"]
[EventCountry "CZE"]
[SourceTitle "CBM 171 Extra"]
[Source "ChessBase"]
[SourceDate "2016.04.26"]
[SourceVersion "1"]
[SourceVersionDate "2016.04.26"]
[SourceQuality "1"]

1. d4 Nf6 2. c4 e6 3. Nf3 Bb4+ 4. Bd2 Qe7 5. g3 Nc6 6. Bg2 Bxd2+ 7. Nbxd2 d6 8. 0-0 e5 9. d5 Nb8 10. b4 a5 11. a3 e4 12. Ng5 e3 13. Nde4 Nxe4 14. Nxe4 f5 15. Nc3 exf2+ 16. Rxf2 0-0 17. Rb1 axb4 18. axb4 Qe5 19. Nb5 Na6 20. Qd4 Qxd4 21. Nxd4 Bd7 22. e4 fxe4 23. Rxf8+ Rxf8 24. Bxe4 Re8 25. Bf3 Re3 26. Kf2 Ra3 27. Rb2 Ra4 28. Ne6 Nxb4 29. Be2 Bxe6 30. dxe6 Kf8 31. Ke3 Ke7 32. Bg4 h5 33. Bxh5 Kxe6 34. Bd1 Ra3+ 35. Ke4 Nd3 36. Bg4+ Ke7 37. Re2 Ne5 38. Bf5 Ra4 39. h4 Rxc4+ 40. Ke3 b5 41. h5 b4 42. g4 Kf6 43. Rf2 Kg5 44. Be6 Nxg4+ 0-1

[Event "CZE-chT2F 1516"]
[Site "Czech Republic"]
[Date "2016.02.07"]
[Round "7.62"]
[White "Zabystrzan, Pavel"]
[Black "Firt, Stanislav"]
[Result "1-0"]
[WhiteElo "2267"]
[BlackElo "2230"]
[PlyCount "93"]
[EventDate "2015.10.18"]
[EventType "team-tourn"]
[EventRounds "11"]
[EventCountry "CZE"]
[SourceTitle "EXT 2022"]
[Source "ChessBase"]
[SourceDate "2021.10.06"]
[SourceVersion "1"]
[SourceVersionDate "2021.10.06"]
[SourceQuality "1"]
[WhiteTeam "Havirov Slovan"]
[BlackTeam "Ostrava Labortech II"]
[WhiteTeamCountry "CZE"]
[BlackTeamCountry "CZE"]

1. Nf3 Nf6 2. g3 g6 3. b3 Bg7 4. Bb2 0-0 5. Bg2 d6 6. d4 Nbd7 7. h3 e5 8. dxe5 dxe5 9. Nxe5 Ng4 10. Nc6 bxc6 11. Bxg7 Nxf2 12. Kxf2 Kxg7 13. Qd4+ Nf6 14. Qxd8 Rxd8 15. Bxc6 Rb8 16. c4 h5 17. Bg2 Bb7 18. Bxb7 Rxb7 19. Nc3 Rd6 20. Rad1 Re6 21. Rd3 Rb8 22. Re3 Rxe3 23. Kxe3 Re8+ 24. Kf3 Re5 25. e4 Nh7 26. h4 Nf8 27. Rd1 c6 28. Rd6 Re6 29. Rd8 Rf6+ 30. Ke3 Ne6 31. Ra8 g5 32. hxg5 Nxg5 33. Ne2 Rf3+ 34. Kd4 Ne6+ 35. Ke5 Rf2 36. Nd4 Nxd4 37. Kxd4 Rxa2 38. b4 Ra3 39. Kc5 Rxg3 40. Kxc6 Ra3 41. b5 h4 42. b6 h3 43. b7 h2 44. b8Q Ra6+ 45. Kb5 h1Q 46. Qf8+ Kg6 47. Kxa6 1-0

[Event "CZE-chT2F 1516"]
[Site "Czech Republic"]
[Date "2016.01.10"]
[Round "5.62"]
[White "Firt, Stanislav"]
[Black "Bacak, Martin"]
[Result "1-0"]
[WhiteElo "2230"]
[BlackElo "2085"]
[PlyCount "75"]
[EventDate "2015.10.18"]
[EventType "team-tourn"]
[EventRounds "11"]
[EventCountry "CZE"]
[SourceTitle "EXT 2022"]
[Source "ChessBase"]
[SourceDate "2021.10.06"]
[SourceVersion "1"]
[SourceVersionDate "2021.10.06"]
[SourceQuality "1"]
[WhiteTeam "Ostrava Labortech II"]
[BlackTeam "Postoupky"]
[WhiteTeamCountry "CZE"]
[BlackTeamCountry "CZE"]

1. Nf3 d5 2. c4 e6 3. d4 Nf6 4. Nc3 Be7 5. Bg5 0-0 6. e3 Nbd7 7. Qc2 c6 8. Rd1 Qa5 9. a3 Re8 10. Bd3 dxc4 11. Bxc4 Nb6 12. Ba2 Nbd5 13. 0-0 Nxc3 14. bxc3 Qxa3 15. Bb1 g6 16. e4 b5 17. Ne5 Bb7 18. Qd2 Nh5 19. g4 Bxg5 20. Qxg5 f6 21. Qh4 fxe5 22. gxh5 Qe7 23. Qxe7 Rxe7 24. dxe5 c5 25. hxg6 hxg6 26. f4 a5 27. Rd6 a4 28. f5 gxf5 29. exf5 Rg7+ 30. Kf2 a3 31. f6 Rg2+ 32. Ke3 Bd5 33. c4 Bxc4 34. Be4 Bxf1 35. Bxa8 a2 36. Ra6 Rxh2 37. Be4 Re2+ 38. Kf3 1-0

[Event "CZE-chT2F 1516"]
[Site "Czech Republic"]
[Date "2015.12.06"]
[Round "4.23"]
[White "Firt, Stanislav"]
[Black "Sojka, Ales"]
[Result "1/2-1/2"]
[WhiteElo "2230"]
[BlackElo "2142"]
[PlyCount "67"]
[EventDate "2015.10.18"]
[EventType "team-tourn"]
[EventRounds "11"]
[EventCountry "CZE"]
[SourceTitle "EXT 2022"]
[Source "ChessBase"]
[SourceDate "2021.10.06"]
[SourceVersion "1"]
[SourceVersionDate "2021.10.06"]
[SourceQuality "1"]
[WhiteTeam "Ostrava Labortech II"]
[BlackTeam "Kromeriz Slavia II"]
[WhiteTeamCountry "CZE"]
[BlackTeamCountry "CZE"]

1. e4 e5 2. Nf3 Nc6 3. Bb5 a6 4. Ba4 Nf6 5. 0-0 Be7 6. Re1 b5 7. Bb3 0-0 8. d4 d6 9. c3 Bg4 10. d5 Na5 11. Bc2 c5 12. h3 Bd7 13. Nxe5 Bxh3 14. Nxf7 Rxf7 15. gxh3 Qd7 16. Kg2 Raf8 17. f4 g6 18. b3 Nh5 19. f5 Kh8 20. Rg1 Rg8 21. Kh1 Bf6 22. Bh6 Be5 23. Qf3 b4 24. a3 bxc3 25. Nxc3 c4 26. b4 Nb3 27. Bxb3 cxb3 28. Rab1 Ng7 29. Rxb3 Nxf5 30. exf5 Rxf5 31. Qg4 Rf2 32. Rg2 Rf1+ 33. Rg1 Rf2 34. Rg2 1/2-1/2

[Event "CZE-chT2F 1516"]
[Site "Czech Republic"]
[Date "2015.11.22"]
[Round "3.52"]
[White "Firt, Stanislav"]
[Black "Kufa, Pavel"]
[Result "0-1"]
[WhiteElo "2230"]
[BlackElo "2180"]
[PlyCount "72"]
[EventDate "2015.10.18"]
[EventType "team-tourn"]
[EventRounds "11"]
[EventCountry "CZE"]
[SourceTitle "EXT 2022"]
[Source "ChessBase"]
[SourceDate "2021.10.06"]
[SourceVersion "1"]
[SourceVersionDate "2021.10.06"]
[SourceQuality "1"]
[WhiteTeam "Ostrava Labortech II"]
[BlackTeam "Poruba Slavoj II"]
[WhiteTeamCountry "CZE"]
[BlackTeamCountry "CZE"]

1. c4 e5 2. Nc3 Nc6 3. Nf3 f5 4. d4 e4 5. Nd2 Nf6 6. Ndb1 Be7 7. Bg5 0-0 8. e3 d6 9. Be2 Ne8 10. Bxe7 Nxe7 11. g3 Nf6 12. b4 c6 13. Nd2 Qc7 14. Rc1 Bd7 15. Nb3 g5 16. h4 h6 17. hxg5 hxg5 18. d5 Kg7 19. Qd4 Rh8 20. Rxh8 Rxh8 21. Qxa7 Rh1+ 22. Bf1 f4 23. gxf4 gxf4 24. Nd4 cxd5 25. Ncb5 Qd8 26. exf4 Qh8 27. Kd2 Qh2 28. Ne2 Nf5 29. Nbd4 e3+ 30. fxe3 Ng3 31. Qxb7 Nxf1+ 32. Rxf1 Rxf1 33. cxd5 Qf2 34. Ne6+ Kh6 35. Qa8 Ne4+ 36. Kd3 Rd1+ 0-1

[Event "Ostrava Konik op-A"]
[Site "Ostrava"]
[Date "2015.05.09"]
[Round "8"]
[White "Firt, Stanislav"]
[Black "Kubik, Michael"]
[Result "0-1"]
[WhiteElo "2222"]
[BlackElo "2178"]
[PlyCount "64"]
[EventDate "2015.05.02"]
[EventType "swiss"]
[EventRounds "9"]
[EventCountry "CZE"]
[SourceTitle "CBM 166 Extra"]
[Source "ChessBase"]
[SourceDate "2015.06.18"]
[SourceVersion "1"]
[SourceVersionDate "2015.06.18"]
[SourceQuality "1"]

1. Nf3 f5 2. c4 Nf6 3. Nc3 g6 4. d3 Bg7 5. e4 d6 6. exf5 Bxf5 7. Nd4 Bd7 8. Be2 0-0 9. 0-0 c5 10. Nc2 Nc6 11. d4 cxd4 12. Nxd4 Rc8 13. Nc2 Ne5 14. Ne3 a6 15. Rb1 Be6 16. f4 Nxc4 17. Qb3 b5 18. f5 Bf7 19. fxg6 hxg6 20. Nxc4 bxc4 21. Qb7 d5 22. Bg5 Qd6 23. Na4 Rc7 24. Qb6 Qxb6+ 25. Nxb6 Ne4 26. Be3 d4 27. Rf4 c3 28. Rxe4 c2 29. Rc1 dxe3 30. Nc4 Bd5 31. Rg4 Rf2 32. Bd3 Rd2 0-1

[Event "CZE-chT2F 1415"]
[Site "Czech Republic"]
[Date "2015.03.29"]
[Round "10.52"]
[White "Vitak, Pavel"]
[Black "Firt, Stanislav"]
[Result "1/2-1/2"]
[WhiteElo "2204"]
[BlackElo "2242"]
[PlyCount "48"]
[EventDate "2014.11.02"]
[EventType "team-tourn"]
[EventRounds "11"]
[EventCountry "CZE"]
[SourceTitle "EXT 2022"]
[Source "ChessBase"]
[SourceDate "2021.10.06"]
[SourceVersion "1"]
[SourceVersionDate "2021.10.06"]
[SourceQuality "1"]
[WhiteTeam "Vsetin"]
[BlackTeam "Ostrava Labortech II"]
[WhiteTeamCountry "CZE"]
[BlackTeamCountry "CZE"]

1. e4 c5 2. Nf3 d6 3. d4 cxd4 4. Nxd4 Nf6 5. Nc3 Nc6 6. Be2 e5 7. Nb3 Be7 8. Be3 0-0 9. f3 a5 10. Nd5 Nxd5 11. exd5 Nb4 12. c3 Na6 13. a4 Bg5 14. Qd2 Bxe3 15. Qxe3 b6 16. 0-0 Nc5 17. Nd2 Bb7 18. Bc4 f5 19. Ra3 Rb8 20. b4 Nd7 21. Qd3 Qg5 22. Bb5 Nf6 23. Bc6 Nh5 24. Nc4 Rf6 1/2-1/2

[Event "CZE-chT2F 1415"]
[Site "Czech Republic"]
[Date "2015.01.25"]
[Round "6.63"]
[White "Sikorova, Olga"]
[Black "Firt, Stanislav"]
[Result "1/2-1/2"]
[WhiteElo "2282"]
[BlackElo "2242"]
[PlyCount "64"]
[EventDate "2014.11.02"]
[EventType "team-tourn"]
[EventRounds "11"]
[EventCountry "CZE"]
[SourceTitle "EXT 2022"]
[Source "ChessBase"]
[SourceDate "2021.10.06"]
[SourceVersion "1"]
[SourceVersionDate "2021.10.06"]
[SourceQuality "1"]
[WhiteTeam "Trinec II"]
[BlackTeam "Ostrava Labortech II"]
[WhiteTeamCountry "CZE"]
[BlackTeamCountry "CZE"]

1. e4 c6 2. Nc3 d5 3. Nf3 dxe4 4. Nxe4 Nf6 5. Ng3 h5 6. h4 Bg4 7. Be2 Nbd7 8. d4 e6 9. Bg5 Qc7 10. Nh2 Bxe2 11. Qxe2 Bd6 12. Nhf1 g6 13. Ne4 Nxe4 14. Qxe4 Qa5+ 15. Nd2 Qd5 16. c4 Qxe4+ 17. Nxe4 Be7 18. 0-0-0 f6 19. Bf4 Nb6 20. b3 Rd8 21. Rhe1 Kf7 22. a4 Nc8 23. Kc2 b6 24. Bc1 Nd6 25. Bb2 Nxe4 26. Rxe4 f5 27. Rf4 Bf6 28. g3 Rd7 29. Rf3 Rhd8 30. Rfd3 Bg7 31. Bc3 a6 32. f4 Bf6 1/2-1/2

[Event "CZE-chT2F 1415"]
[Site "Czech Republic"]
[Date "2015.01.11"]
[Round "5.22"]
[White "Vanek, Ladislav"]
[Black "Firt, Stanislav"]
[Result "1-0"]
[WhiteElo "2184"]
[BlackElo "2242"]
[PlyCount "117"]
[EventDate "2014.11.02"]
[EventType "team-tourn"]
[EventRounds "11"]
[EventCountry "CZE"]
[SourceTitle "EXT 2022"]
[Source "ChessBase"]
[SourceDate "2021.10.06"]
[SourceVersion "1"]
[SourceVersionDate "2021.10.06"]
[SourceQuality "1"]
[WhiteTeam "Litovel Tatran II"]
[BlackTeam "Ostrava Labortech II"]
[WhiteTeamCountry "CZE"]
[BlackTeamCountry "CZE"]

1. d4 Nf6 2. c4 g6 3. Nc3 Bg7 4. e4 d6 5. Nf3 0-0 6. Be2 Nbd7 7. 0-0 e5 8. d5 Nc5 9. Qc2 a5 10. Bg5 h6 11. Be3 Nfd7 12. Nd2 f5 13. f3 f4 14. Bf2 g5 15. b3 Nf6 16. a3 g4 17. fxg4 Bxg4 18. h3 Bd7 19. b4 axb4 20. axb4 Rxa1 21. Rxa1 Na6 22. Qb3 Qe8 23. c5 Qg6 24. Kh2 f3 25. Bxf3 Qg5 26. Nc4 Nh5 27. Ne2 Bb5 28. Ra5 Bxc4 29. Qxc4 Qd2 30. Qc1 Qxc1 31. Nxc1 Nxb4 32. Ra7 Nf4 33. Rxb7 Nbd3 34. Nxd3 Nxd3 35. cxd6 cxd6 36. Bb6 Ra8 37. Ba7 Bf6 38. Bg4 Nc5 39. Bxc5 dxc5 40. Be6+ Kh8 41. Rc7 Bg5 42. Kg3 h5 43. d6 Rd8 44. d7 Be7 45. Bf7 h4+ 46. Kg4 Rf8 47. Be8 Rf4+ 48. Kh5 Rxe4 49. Rxc5 Kg7 50. Rc7 Kf8 51. Rc8 Rd4 52. Kg6 Rd6+ 53. Kf5 Rd2 54. Ke6 Rd6+ 55. Kxe5 Rd2 56. Bh5+ Kg7 57. Ke6 Bg5 58. Bf3 Rd3 59. Bd5 1-0

[Event "CZE-ch"]
[Site "Ostrava"]
[Date "2014.05.03"]
[Round "8"]
[White "Firt, Stanislav"]
[Black "Splichal, Stanislav"]
[Result "1/2-1/2"]
[WhiteElo "2253"]
[BlackElo "2125"]
[PlyCount "36"]
[EventDate "2014.04.26"]
[EventType "swiss"]
[EventRounds "9"]
[EventCountry "CZE"]
[SourceTitle "CBM 160 Extra"]
[Source "ChessBase"]
[SourceDate "2014.07.01"]
[SourceVersion "1"]
[SourceVersionDate "2014.07.01"]
[SourceQuality "1"]

1. Nf3 d5 2. c4 e6 3. d4 Nf6 4. Nc3 Be7 5. Bg5 0-0 6. e3 h6 7. Bxf6 Bxf6 8. Qc2 c5 9. dxc5 Nc6 10. cxd5 exd5 11. Be2 Qa5 12. 0-0-0 Be6 13. Nd4 Qxc5 14. Ncb5 Qb6 15. Kb1 a6 16. Nxe6 fxe6 17. Na3 Rac8 18. Qb3 Qxb3 1/2-1/2

[Event "CZE-ch"]
[Site "Ostrava"]
[Date "2014.04.26"]
[Round "1"]
[White "Rausis, Igors"]
[Black "Firt, Stanislav"]
[Result "1-0"]
[WhiteElo "2578"]
[BlackElo "2253"]
[PlyCount "57"]
[EventDate "2014.04.26"]
[EventType "swiss"]
[EventRounds "9"]
[EventCountry "CZE"]
[SourceTitle "CBM 160 Extra"]
[Source "ChessBase"]
[SourceDate "2014.07.01"]
[SourceVersion "1"]
[SourceVersionDate "2014.07.01"]
[SourceQuality "1"]

1. d4 Nf6 2. Nf3 g6 3. g3 Bg7 4. Bg2 0-0 5. 0-0 d6 6. c4 Nbd7 7. Nc3 e5 8. b3 Re8 9. Qc2 c6 10. Rd1 Qe7 11. dxe5 dxe5 12. Ng5 Nf8 13. a4 Bf5 14. e4 Bg4 15. Rd3 Rad8 16. h3 Rxd3 17. Qxd3 Rd8 18. Qe3 Bc8 19. Ba3 Qc7 20. Qxa7 Rd3 21. Bb4 h6 22. Nf3 Ne8 23. Ne1 Rd4 24. Ne2 Ne6 25. Nxd4 Nxd4 26. a5 Qd8 27. Rb1 Nc7 28. Qb6 f5 29. a6 1-0

[Event "CZE-chT 1314"]
[Site "Czech Republic"]
[Date "2014.03.22"]
[Round "10.8"]
[White "Jasny, Stanislav"]
[Black "Firt, Stanislav"]
[Result "1-0"]
[WhiteElo "2320"]
[BlackElo "2258"]
[PlyCount "67"]
[EventDate "2013.11.02"]
[EventType "team-tourn"]
[EventRounds "11"]
[EventCountry "CZE"]
[SourceTitle "EXT 2015"]
[Source "ChessBase"]
[SourceDate "2014.11.20"]
[SourceVersion "1"]
[SourceVersionDate "2014.11.20"]
[SourceQuality "1"]
[WhiteTeam "Frydek Mistek"]
[BlackTeam "Ostrava Labortech"]
[WhiteTeamCountry "CZE"]
[BlackTeamCountry "CZE"]

1. e4 e6 2. d4 d5 3. Nd2 Be7 4. Bd3 c5 5. dxc5 Nf6 6. Qe2 Nc6 7. Ngf3 Nb4 8. 0-0 Nxd3 9. cxd3 dxe4 10. dxe4 Bxc5 11. e5 Nd7 12. Ne4 Be7 13. Bg5 Bxg5 14. Nfxg5 Kf8 15. Rfd1 h6 16. Nf3 Kg8 17. Rac1 Qa5 18. Nd6 Nb6 19. a3 Bd7 20. Nxb7 Qb5 21. Qxb5 Bxb5 22. Nd4 Ba6 23. Nc5 Bc8 24. Nb5 Kh7 25. Nd6 Rf8 26. b4 f6 27. exf6 Rxf6 28. Nxc8 Rxc8 29. Nd7 Rf7 30. Nxb6 Rxc1 31. Rxc1 axb6 32. Rc6 Ra7 33. Rxe6 Rxa3 34. g3 1-0